Statistics for Miami Heat Triple Double

Click here to take the quiz!

General Stats

  • This quiz has been taken 78 times
    (34 since last reset)
  • The average score is 8 of 13

Answer Stats

PlayerNbLast% Correct
Dwyane Wade52019
100%
LeBron James92014
100%
Jimmy Butler112022
97%
Tyler Herro12022
94%
Bam Adebayo62023
88%
Shaquille O'Neal12006
82%
Hassan Whiteside42016
64%
Kyle Lowry32022
61%
Goran Dragić12019
58%
Steve Smith11993
24%
Lamar Odom12004
15%
Billy Owens11995
3%
Rory Sparrow11989
3%

Score Distribution

Percentile by Number Answered

Percent of People with Each Score

Your Score History

You have not taken this quiz since the last reset